000 00430nam a2200133Ia 4500
008 151001s9999||||xx |||||||||||||| ||und||
100 _aसरोजिनी शारंगपाणी
245 _a"गुन्हे,गुन्हेगार आणि शासन"
250 _a1
260 _bकल्पना प्रकाशन नांदेड
260 _c1990
300 _a368
365 _b18
999 _c967832
_d967829